[Event "August TNT"]
[Site "Winnipeg CAN"]
[Date "2010.08.10"]
[Round "2"]
[White "Nikouline, Alexandre"]
[Black "Lauritson, Jim"]
[Result "1-0"]
[WhiteElo "2122"]
[BlackElo "1892"]
[PlyCount "67"]
[EventDate "2010.08.03"]
[EventType "swiss"]
[EventRounds "4"]
[EventCountry "CAN"]

1. e4 c5 2. Nf3 e6 3. d4 cxd4 4. Nxd4 a6 5. Bd3 Qc7 6. O-O Nf6 7. Nc3 Bc5 8.
Nb3 Be7 9. Be3 d6 10. Na4 Nbd7 11. c4 b6 12. Rc1 Bb7 13. f3 O-O 14. Nd2 Nc5 15.
Bb1 Nxa4 16. Qxa4 Rac8 17. b4 Nd7 18. Qc2 Nf6 19. Nb3 d5 20. exd5 exd5 21. c5
Qe5 22. Bd4 Qh5 23. Rfe1 Bd6 24. g4 Qh3 25. Qg2 Qxg2+ 26. Kxg2 Bf4 27. Be3 Bxe3
28. Rxe3 d4 29. Re7 Bd5 30. Nxd4 Nxg4 31. Bf5 Nf6 32. Bxc8 Rxc8 33. Ra7 Bxa2
34. cxb6 1-0

[Event "August TNT"]
[Site "Winnipeg CAN"]
[Date "2010.08.10"]
[Round "2"]
[White "Ott, Richard"]
[Black "Einarsson, Ken"]
[Result "0-1"]
[WhiteElo "1716"]
[BlackElo "1819"]
[PlyCount "64"]
[EventDate "2010.08.03"]
[EventType "swiss"]
[EventRounds "4"]
[EventCountry "CAN"]

1. d4 d5 2. c4 e6 3. Nc3 Nf6 4. cxd5 exd5 5. Bg5 Be7 6. e3 O-O 7. Bd3 h6 8. Bf4
Re8 9. Nge2 c6 10. Qc2 Bd6 11. h3 Nh5 12. Bxd6 Qxd6 13. O-O-O Na6 14. g4 Nb4
15. Qb3 Nxd3+ 16. Rxd3 Qg6 17. Rhd1 Nf6 18. Nf4 Qg5 19. Ng2 Ne4 20. Nxe4 dxe4
21. Rc3 Qf6 22. Nf4 g5 23. Nh5 Qxf2 24. d5 cxd5 25. Rc2 Qf3 26. Qc3 Kf8 27.
Qg7+ Ke7 28. Rc7+ Bd7 29. Rxd7+ Kxd7 30. Nf6+ Ke6 31. Nxe8 Rc8+ 32. Kd2 Qf2#
0-1

[Event "August TNT"]
[Site "Winnipeg CAN"]
[Date "2010.08.10"]
[Round "2"]
[White "Reimer, Bruce"]
[Black "Kaptsan, Aron"]
[Result "0-1"]
[WhiteElo "1582"]
[BlackElo "2016"]
[PlyCount "64"]
[EventDate "2010.08.03"]
[EventType "swiss"]
[EventRounds "4"]
[EventCountry "CAN"]

1. c4 Nf6 2. g3 c5 3. Bg2 Nc6 4. Nc3 e5 5. e4 d6 6. Nge2 Be7 7. O-O O-O 8. d3
Rb8 9. f4 a6 10. a4 Nd4 11. Nxd4 cxd4 12. Ne2 b5 13. cxb5 axb5 14. axb5 Rxb5
15. Rb1 Qb6 16. Qc2 Be6 17. Bd2 Bb3 18. Qc1 Rc5 19. Qe1 Bc2 20. b4 Rb5 21. Rb2
Bxd3 22. Rf3 Bxe4 23. Kh1 Bxf3 24. Bxf3 e4 25. Bg2 d5 26. Bf1 e3 27. Bc1 Bxb4
28. Qd1 Bc5 29. Rxb5 Qxb5 30. Nxd4 Qe8 31. Nf5 Qe4+ 32. Bg2 Qxf5 0-1

[Event "August TNT"]
[Site "Winnipeg CAN"]
[Date "2010.08.10"]
[Round "2"]
[White "Rutter, Blair"]
[Black "Villeneuve, Justin"]
[Result "1-0"]
[WhiteElo "1942"]
[BlackElo "1248"]
[PlyCount "57"]
[EventDate "2010.08.03"]
[EventType "swiss"]
[EventRounds "4"]
[EventCountry "CAN"]

1. c4 e5 2. g3 Nc6 3. Bg2 Nf6 4. Nc3 Bc5 5. e3 O-O 6. Nge2 d6 7. O-O Be6 8. d3
Qe7 9. d4 exd4 10. exd4 Bxd4 11. Nxd4 Nxd4 12. Qxd4 Rab8 13. b3 c5 14. Qd3 Rfe8
15. Bf4 Red8 16. Rfe1 b6 17. Rad1 Ne8 18. Nd5 Qd7 19. Bg5 f6 20. Bc1 Bf5 21.
Qxf5 Qxf5 22. Ne7+ Kf8 23. Nxf5 Nc7 24. Re7 Rbc8 25. Rxg7 a6 26. Bh6 Ne6 27.
Re7+ Kg8 28. Bd5 b5 29. Bxe6+ 1-0

[Event "August TNT"]
[Site "Winnipeg CAN"]
[Date "2010.08.10"]
[Round "2"]
[White "Zaczek, Jonathan"]
[Black "Melamedoff, Gustavo"]
[Result "1-0"]
[WhiteElo "2189"]
[BlackElo "1994"]
[PlyCount "103"]
[EventDate "2010.08.03"]
[EventType "swiss"]
[EventRounds "4"]
[EventCountry "CAN"]

1. e4 e5 2. Nf3 Nc6 3. Bb5 a6 4. Ba4 Nf6 5. O-O Nxe4 6. d4 b5 7. Bb3 d5 8. dxe5
Be6 9. Nbd2 Nc5 10. c3 Bg4 11. h3 Bh5 12. Bc2 Be7 13. Re1 O-O 14. Nf1 Ne6 15.
Ng3 Bg6 16. Bb3 d4 17. Bxe6 fxe6 18. Nxd4 Nxd4 19. cxd4 Qd5 20. Be3 Be8 21. Qg4
Bc6 22. Nh5 g6 23. Nf4 Rxf4 24. Bxf4 Rf8 25. Bh6 Rf5 26. f3 Rh5 27. Be3 Rh4 28.
Qg3 Rh5 29. Rec1 Bh4 30. Qg4 Bd8 31. Rc5 Qd7 32. Rac1 Bd5 33. b3 c6 34. R5c2
Kg7 35. Kh2 Rh4 36. Qg3 Rh5 37. Qe1 Rf5 38. Qb4 Bc7 39. Qd2 Qe8 40. Bh6+ Kg8
41. Bg5 Qd7 42. Qe3 Qe8 43. f4 Rf7 44. Bf6 h5 45. Qg3 Kh7 46. Qg5 Bb6 47. g4
Rd7 48. gxh5 gxh5 49. Rxc6 Bxc6 50. Rxc6 Bxd4 51. Rd6 Rxd6 52. Qg7# 1-0

[Event "August TNT"]
[Site "Winnipeg CAN"]
[Date "2010.08.10"]
[Round "2.4"]
[White "Evans, Brian"]
[Black "Pang, Michael"]
[Result "0-1"]
[WhiteElo "1590"]
[BlackElo "1706"]
[PlyCount "54"]
[EventDate "2010.08.03"]
[EventType "swiss"]
[EventRounds "4"]
[EventCountry "CAN"]

1. e4 c5 2. Nf3 d6 3. d4 cxd4 4. Nxd4 Nf6 5. Nc3 Nc6 6. Bb5 Bd7 7. Bxc6 bxc6 8.
Nb3 g6 9. Bg5 Bg7 10. Qd2 O-O 11. O-O-O Be6 12. Nd4 Qb6 13. Na4 Qa6 14. Nxe6
fxe6 15. Nc3 Qb7 16. f3 Rab8 17. b3 a5 18. Bh6 Rfc8 19. Bxg7 Kxg7 20. Na4 Qa7
21. Qd4 c5 22. Qe3 Qb7 23. Qc3 Qa6 24. g4 c4 25. g5 cxb3 26. gxf6+ exf6 27. Qa1
Qe2 0-1

[Event "August TNT"]
[Site "Winnipeg CAN"]
[Date "2010.08.17"]
[Round "3"]
[White "Dawa, Arvin"]
[Black "Nikouline, Alexandre"]
[Result "0-1"]
[WhiteElo "2186"]
[BlackElo "2122"]
[PlyCount "66"]
[EventDate "2010.08.03"]
[EventType "swiss"]
[EventRounds "4"]
[EventCountry "CAN"]

1. c4 Nf6 2. Nc3 e6 3. g3 d5 4. cxd5 exd5 5. Bg2 c6 6. e3 Bg4 7. Qb3 Qc7 8. d3
Nbd7 9. Nf3 Nc5 10. Qd1 Bf5 11. Bf1 Bd6 12. a3 a5 13. d4 Nce4 14. Nxe4 Nxe4 15.
Bg2 h5 16. Nd2 Bg4 17. Bf3 Bf5 18. Nxe4 Bxe4 19. Bxe4 dxe4 20. Bd2 h4 21. Qg4
hxg3 22. Qxg7 O-O-O 23. Qg4+ Kb8 24. Qxe4 gxf2+ 25. Kxf2 Qb6 26. Bc3 f5 27. Qf3
Bxh2 28. Ke2 Qb5+ 29. Kd2 Bc7 30. Raf1 a4 31. Rxh8 Rxh8 32. Qxf5 Rh2+ 33. Rf2
Qxf5 0-1

[Event "August TNT"]
[Site "Winnipeg CAN"]
[Date "2010.08.17"]
[Round "3"]
[White "Einarsson, Ken"]
[Black "Bince, Rolando"]
[Result "0-1"]
[WhiteElo "1819"]
[BlackElo "2160"]
[PlyCount "68"]
[EventDate "2010.08.03"]
[EventType "swiss"]
[EventRounds "4"]
[EventCountry "CAN"]

1. d4 d5 2. c4 e6 3. Nc3 c6 4. Nf3 Nf6 5. Bg5 Be7 6. e3 h6 7. Bh4 a6 8. Bd3
dxc4 9. Bxc4 b5 10. Bd3 Bb7 11. O-O c5 12. dxc5 Bxc5 13. Bxf6 gxf6 14. Be4 Nc6
15. Qe2 f5 16. Rfd1 Qb6 17. Bc2 Ke7 18. a3 Rad8 19. b4 Bd6 20. e4 Ne5 21. Nh4
f4 22. Rac1 h5 23. Nf3 Nxf3+ 24. Qxf3 Be5 25. Bb1 Rxd1+ 26. Qxd1 Rc8 27. Ne2
Rd8 28. Qc2 Qd6 29. f3 Rc8 30. Qd1 Qb6+ 31. Kf1 Rd8 32. Qb3 Rd2 33. Rd1 Qe3 34.
Qxe3 Rxd1+ 0-1

[Event "August TNT"]
[Site "Winnipeg CAN"]
[Date "2010.08.17"]
[Round "3"]
[White "Green, Aaron"]
[Black "Greenberg, Harley"]
[Result "1-0"]
[WhiteElo "1965"]
[BlackElo "1722"]
[PlyCount "79"]
[EventDate "2010.08.03"]
[EventType "swiss"]
[EventRounds "4"]
[EventCountry "CAN"]

1. e4 c5 2. Nf3 e6 3. c3 Nc6 4. d4 d5 5. e5 cxd4 6. cxd4 Bb4+ 7. Nc3 Nge7 8.
Bd3 Qb6 9. a3 Bxc3+ 10. bxc3 Bd7 11. h4 Rc8 12. Bd2 Na5 13. Rb1 Qc7 14. Qc2 Nc4
15. Bxc4 dxc4 16. Ng5 Bc6 17. f3 h6 18. Ne4 Bxe4 19. fxe4 Nc6 20. Qa4 Qa5 21.
Qxc4 Qxa3 22. d5 exd5 23. exd5 b5 24. Qxb5 a6 25. Qb7 O-O 26. dxc6 Qc5 27. Qxa6
Qxe5+ 28. Qe2 Qf5 29. Rb5 Qf6 30. Qf3 Rfe8+ 31. Kf2 Qd6 32. Rd5 Qxc6 33. Rd3
Qb6+ 34. Kg3 Qg6+ 35. Kh2 Rc4 36. g3 f5 37. Rf1 Rcc8 38. Qxf5 Re2+ 39. Kh3 Qc6
40. Qd5+ 1-0

[Event "August TNT"]
[Site "Winnipeg CAN"]
[Date "2010.08.17"]
[Round "3"]
[White "Kaptsan, Aron"]
[Black "Zaczek, Jonathan"]
[Result "0-1"]
[WhiteElo "2016"]
[BlackElo "2189"]
[PlyCount "50"]
[EventDate "2010.08.03"]
[EventType "swiss"]
[EventRounds "4"]
[EventCountry "CAN"]

1. d4 Nf6 2. Nf3 g6 3. Nbd2 d5 4. e3 Bg7 5. b4 Bg4 6. Bb2 O-O 7. h3 Bxf3 8.
Nxf3 Nbd7 9. c4 c6 10. cxd5 Nxd5 11. a3 a5 12. bxa5 Nc5 13. Bc4 Qxa5+ 14. Qd2
Nb6 15. Bc3 Qa4 16. Bxf7+ Rxf7 17. dxc5 Nc4 18. Qc1 Bxc3+ 19. Qxc3 Qa5 20. Qxa5
Rxa5 21. O-O Rxc5 22. Rfc1 Rf8 23. a4 Ra8 24. Nd2 Nxd2 25. Rxc5 Nb3 0-1

[Event "August TNT"]
[Site "Winnipeg CAN"]
[Date "2010.08.17"]
[Round "3"]
[White "Lauritson, Jim"]
[Black "Reimer, Bruce"]
[Result "1-0"]
[WhiteElo "1892"]
[BlackElo "1582"]
[PlyCount "59"]
[EventDate "2010.08.03"]
[EventType "swiss"]
[EventRounds "4"]
[EventCountry "CAN"]

1. d4 Nf6 2. c4 e5 3. dxe5 Ng4 4. Nf3 Nc6 5. Bf4 Bb4+ 6. Nbd2 Qe7 7. e3 Ngxe5
8. Nxe5 Nxe5 9. Be2 O-O 10. O-O d6 11. a3 Bc5 12. b4 Bb6 13. Nf3 Nxf3+ 14. Bxf3
Rd8 15. Qd3 c6 16. Rfd1 Be6 17. Bxd6 Qf6 18. c5 Bc7 19. Rac1 Rd7 20. b5 Rad8
21. bxc6 bxc6 22. Bxc6 Bxd6 23. Bxd7 Be5 24. c6 Qh6 25. f4 Bc7 26. Qe4 Bb3 27.
Rd3 Ba2 28. Bh3 Rb8 29. Qe7 Bxf4 30. Rd8+ 1-0

[Event "August TNT"]
[Site "Winnipeg CAN"]
[Date "2010.08.17"]
[Round "3"]
[White "Li, Henry"]
[Black "Evans, Brian"]
[Result "0-1"]
[WhiteElo "1388"]
[BlackElo "1590"]
[PlyCount "106"]
[EventDate "2010.08.03"]
[EventType "swiss"]
[EventRounds "4"]
[EventCountry "CAN"]

1. e4 c5 2. Nf3 d6 3. d4 cxd4 4. Nxd4 Nf6 5. Nc3 a6 6. Bc4 e6 7. Bb3 Be7 8. Be3
b5 9. f3 Bb7 10. Qd2 Nc6 11. O-O-O O-O 12. g4 b4 13. Nce2 d5 14. Ng3 dxe4 15.
fxe4 Nxg4 16. Qe2 Nxe3 17. Nxc6 Qc7 18. Nxe7+ Qxe7 19. Qxe3 Rfd8 20. Rxd8+ Rxd8
21. Rg1 Qh4 22. Rg2 Qg4 23. Qe2 Qf4+ 24. Kb1 Bxe4 25. Rg1 Bf3 26. Qf2 Rd2 27.
Qb6 h6 28. c3 bxc3 29. bxc3 Be4+ 30. Nxe4 Qxe4+ 31. Kc1 Qf4 32. Bc2 Rd6+ 33.
Kb1 Rxb6+ 34. Bb3 a5 35. c4 a4 36. c5 Rb5 37. Rg3 axb3 38. Rxb3 Rxb3+ 39. axb3
Qb4 40. Kb2 Qxc5 41. h4 Qd4+ 42. Ka3 Qxh4 43. b4 Qc4 44. Ka4 Qa6+ 45. Kb3 h5
46. Kc3 h4 47. Kd4 h3 48. Kc5 h2 49. b5 Qb7 50. b6 h1=Q 51. Kb5 Qhc6+ 52. Kb4
Qbxb6+ 53. Ka3 Qa8# 0-1

[Event "August TNT"]
[Site "Winnipeg CAN"]
[Date "2010.08.17"]
[Round "3"]
[White "Lin, Justin"]
[Black "Swift, Ryne"]
[Result "0-1"]
[WhiteElo "1512"]
[BlackElo "1794"]
[PlyCount "86"]
[EventDate "2010.08.03"]
[EventType "swiss"]
[EventRounds "4"]
[EventCountry "CAN"]

1. e4 e5 2. Nf3 Nc6 3. Bc4 Bc5 4. Nc3 Nf6 5. d3 h6 6. a3 a6 7. O-O O-O 8. Bd2
d6 9. h3 Bd7 10. Rb1 Re8 11. Bb3 b5 12. Nd5 a5 13. Nxf6+ Qxf6 14. Bd5 Ra6 15.
Bxc6 Bxc6 16. b4 axb4 17. axb4 Bb6 18. Qe2 Rea8 19. c4 Ra2 20. Qe1 R8a3 21. Bc3
Rc2 22. Rc1 Raxc3 23. Rxc2 Rxc2 24. Qd1 Ra2 25. Qb3 Ra8 26. Rc1 bxc4 27. Qxc4
Bd7 28. b5 Ra5 29. Rb1 Qe6 30. Nd2 Qxc4 31. Nxc4 Rxb5 32. Ra1 Be6 33. Ra8+ Kh7
34. Nxb6 cxb6 35. Rd8 d5 36. exd5 Rxd5 37. Rxd5 Bxd5 38. Kf1 b5 39. f3 f5 40.
Ke2 e4 41. d4 b4 42. f4 b3 43. Kd1 e3 0-1

[Event "August TNT"]
[Site "Winnipeg CAN"]
[Date "2010.08.17"]
[Round "3"]
[White "Lipic, Stephen"]
[Black "Boron, Anthony"]
[Result "0-1"]
[WhiteElo "1816"]
[BlackElo "2007"]
[PlyCount "88"]
[EventDate "2010.08.03"]
[EventType "swiss"]
[EventRounds "4"]
[EventCountry "CAN"]

1. f4 d5 2. Nf3 Nf6 3. e3 Bg4 4. h3 Bxf3 5. Qxf3 c6 6. d3 Nbd7 7. g4 g6 8. e4
dxe4 9. dxe4 Bg7 10. Nc3 Qb6 11. Bc4 Qb4 12. Bd3 Nc5 13. e5 Nd5 14. Bd2 Nxd3+
15. cxd3 Qxb2 16. Rb1 Qa3 17. Nxd5 cxd5 18. Qxd5 O-O 19. Qb3 Qa6 20. Ke2 Rfd8
21. Rhc1 b6 22. Rc7 Bf8 23. f5 Rac8 24. Rbc1 Rxc7 25. Rxc7 Rc8 26. Rd7 Rc5 27.
Rd5 Qb7 28. Rxc5 Qg2+ 29. Ke3 Bh6+ 30. Kd4 bxc5+ 31. Kxc5 Qxd2 32. Qb8+ Bf8 33.
f6 exf6+ 34. Kd4 fxe5+ 35. Kc4 Qxa2+ 36. Kc3 a5 37. d4 Qa1+ 38. Kd3 Qxd4+ 39.
Ke2 Kg7 40. Kf3 e4+ 41. Kg2 e3 42. Qe8 Bd6 43. g5 Qf4 44. Qe4 Qf2+ 0-1

[Event "August TNT"]
[Site "Winnipeg CAN"]
[Date "2010.08.17"]
[Round "3"]
[White "Melamedoff, Gustavo"]
[Black "Pang, Michael"]
[Result "1-0"]
[WhiteElo "1994"]
[BlackElo "1706"]
[PlyCount "43"]
[EventDate "2010.08.03"]
[EventType "swiss"]
[EventRounds "4"]
[EventCountry "CAN"]

1. c4 c5 2. g3 Nf6 3. Nc3 Nc6 4. Bg2 e6 5. e4 a6 6. Nge2 Bd6 7. f4 e5 8. O-O
O-O 9. d3 Rb8 10. a4 b6 11. f5 Nd4 12. Nd5 Nxd5 13. exd5 b5 14. axb5 axb5 15.
f6 g6 16. Nc3 Re8 17. Bh6 bxc4 18. Ne4 Bc7 19. Ng5 cxd3 20. Be4 Rxb2 21. Qh5
Ne2+ 22. Kh1 1-0

[Event "August TNT"]
[Site "Winnipeg CAN"]
[Date "2010.08.17"]
[Round "3"]
[White "Milord, Frank"]
[Black "Rutter, Blair"]
[Result "1-0"]
[WhiteElo "1662"]
[BlackElo "1942"]
[PlyCount "77"]
[EventDate "2010.08.03"]
[EventType "swiss"]
[EventRounds "4"]
[EventCountry "CAN"]

1. d4 d5 2. c4 c6 3. Nf3 Nf6 4. cxd5 cxd5 5. Nc3 Nc6 6. Bf4 a6 7. e3 e6 8. Ne5
Be7 9. Bd3 O-O 10. O-O Nb4 11. Bb1 Nd7 12. a3 Nxe5 13. dxe5 Nc6 14. Qd3 g6 15.
Ne2 f6 16. exf6 Bxf6 17. Bh6 Rf7 18. Nd4 e5 19. Nxc6 bxc6 20. Ba2 e4 21. Qc2
Bd7 22. Rfd1 Qb6 23. Rab1 Bh4 24. Bf4 Raf8 25. Rd2 Bf6 26. Bd6 Re8 27. Bc5 Qc7
28. b4 Be5 29. g3 Bh3 30. Qd1 Qc8 31. Rc1 Bg4 32. Qf1 h5 33. Bd4 Bh3 34. Qd1
Bxd4 35. Bxd5 Bxe3 36. Bxf7+ Kxf7 37. Qb3+ Be6 38. Qxe3 Bd5 39. Rxd5 1-0

[Event "August TNT"]
[Site "Winnipeg CAN"]
[Date "2010.08.17"]
[Round "3"]
[White "Milward, David"]
[Black "Klokow, John"]
[Result "1/2-1/2"]
[WhiteElo "1692"]
[BlackElo "1744"]
[PlyCount "64"]
[EventDate "2010.08.03"]
[EventType "swiss"]
[EventRounds "4"]
[EventCountry "CAN"]

1. e4 e5 2. Nf3 Nc6 3. Bb5 Nf6 4. O-O Nxe4 5. Re1 Nd6 6. Bxc6 dxc6 7. Nxe5 Be7
8. d4 O-O 9. Nc3 Nf5 10. Nf3 Bf6 11. Bf4 Nxd4 12. Nxd4 Bxd4 13. Qh5 Qf6 14. Be3
Bxc3 15. bxc3 Bf5 16. Bd4 Qg6 17. Qxg6 fxg6 18. Re7 Rf7 19. Rae1 Bd7 20. Kf1 b6
21. f3 c5 22. Bf2 Bb5+ 23. Kg1 Rxe7 24. Rxe7 Rd8 25. Bg3 Rd7 26. Rxd7 Bxd7 27.
Bxc7 c4 28. Kf2 Bf5 29. Ke3 Bxc2 30. Kd4 Bd3 31. h4 Kf7 32. g4 Be2 1/2-1/2

[Event "August TNT"]
[Site "Winnipeg CAN"]
[Date "2010.08.17"]
[Round "3"]
[White "Ott, Richard"]
[Black "Green, Jim"]
[Result "0-1"]
[WhiteElo "1716"]
[BlackElo "1786"]
[PlyCount "74"]
[EventDate "2010.08.03"]
[EventType "swiss"]
[EventRounds "4"]
[EventCountry "CAN"]

1. d4 d5 2. c4 c6 3. Nf3 Nf6 4. Qc2 g6 5. e3 a6 6. c5 Nbd7 7. Nbd2 Bg7 8. Be2
O-O 9. Nb3 Qc7 10. Bd2 e5 11. Ba5 Qb8 12. O-O Re8 13. h3 e4 14. Ne1 Nf8 15. Qd2
Bh6 16. Nc2 Ne6 17. Qc3 Ng5 18. Nd2 Bg7 19. Bb6 Bd7 20. Rfe1 Qc8 21. Bf1 h5 22.
Qa5 Ne6 23. Red1 Nh7 24. Rac1 f5 25. Na3 Rf8 26. Nb3 f4 27. Qe1 f3 28. Nd2 h4
29. Nxe4 dxe4 30. Nc4 Nhg5 31. Nd6 Qb8 32. Bc4 Kh7 33. Qb4 fxg2 34. Kxg2 Rf6
35. d5 Qf8 36. Rc2 Nd8 37. Be2 Rxf2+ 0-1

[Event "August TNT"]
[Site "Winnipeg CAN"]
[Date "2010.08.17"]
[Round "3"]
[White "Villeneuve, Justin"]
[Black "Czarny, Keith"]
[Result "0-1"]
[WhiteElo "1248"]
[BlackElo "1651"]
[PlyCount "116"]
[EventDate "2010.08.03"]
[EventType "swiss"]
[EventRounds "4"]
[EventCountry "CAN"]

1. e4 e6 2. d4 d5 3. Nc3 Bb4 4. Nge2 dxe4 5. Bd2 Bxc3 6. Nxc3 Nf6 7. Bf4 c6 8.
Be2 O-O 9. O-O Nd5 10. Nxd5 exd5 11. Qd2 Be6 12. b3 Nd7 13. c4 f5 14. cxd5 cxd5
15. Rac1 Rc8 16. Rc2 Rxc2 17. Qxc2 g5 18. Bd6 Rf7 19. Rc1 Nb6 20. Be5 f4 21.
Bh5 Rd7 22. Bc7 Qe7 23. Bxb6 axb6 24. h3 Rd8 25. Qc7 Qxc7 26. Rxc7 Rd7 27. Rxd7
Bxd7 28. a4 Kg7 29. Kh2 Kf6 30. Kg1 Ke7 31. Kf1 Kd6 32. Bg4 Be8 33. Ke2 h5 34.
Bf5 b5 35. a5 b4 36. g3 fxg3 37. fxg3 Bd7 38. Bxd7 Kxd7 39. h4 gxh4 40. gxh4
Ke6 41. Ke3 Kf5 42. Ke2 Kg4 43. Ke3 Kxh4 44. Kf4 Kh3 45. Ke5 e3 46. Kxd5 e2 47.
Kc5 e1=Q 48. d5 Qe3+ 49. Kxb4 Qd4+ 50. Kb5 Qxd5+ 51. Kb4 Kg2 52. Ka4 Qc6+ 53.
Kb4 h4 54. Ka3 h3 55. Ka2 h2 56. Kb2 h1=Q 57. b4 Qhc1+ 58. Kb3 Q6c2# 0-1

[Event "August TNT"]
[Site "Winnipeg CAN"]
[Date "2010.08.24"]
[Round "4.4"]
[White "Bince, Rolando"]
[Black "Green, Aaron"]
[Result "0-1"]
[WhiteElo "2160"]
[BlackElo "1965"]
[PlyCount "104"]
[EventDate "2010.08.03"]
[EventType "swiss"]
[EventRounds "4"]
[EventCountry "CAN"]

1. e4 c5 2. Nf3 d6 3. d4 cxd4 4. Nxd4 Nf6 5. Nc3 g6 6. Be3 Bg7 7. Bc4 O-O 8.
O-O Nc6 9. f3 Bd7 10. Qd2 a6 11. Bb3 Rc8 12. Kh1 h5 13. Nxc6 Bxc6 14. a4 a5 15.
Bh6 Rb8 16. Bxg7 Kxg7 17. Qd4 Qc7 18. Rad1 Kh7 19. f4 Rbd8 20. f5 Ng4 21. h3
Ne5 22. Nd5 Bxd5 23. exd5 b6 24. c3 Qc5 25. Qf4 b5 26. Bc2 Kg7 27. f6+ exf6 28.
Qxf6+ Kg8 29. Rd4 b4 30. Rff4 bxc3 31. b3 Qa3 32. Kh2 Qc1 33. Rf2 Qe3 34. Re4
Qh6 35. Ref4 Qg7 36. Qg5 Rd7 37. Rf6 Rc8 38. Qc1 Rc5 39. Be4 Rb7 40. Qc2 Rb4
41. g3 h4 42. Kg2 hxg3 43. Rf1 Rd4 44. Kg1 Rd2 45. Qc1 Qh6 46. Bg2 Qe3+ 47. Kh1
Nd3 48. Rxf7 Nxc1 49. Rf8+ Kg7 50. R1f7+ Kh6 51. Rh8+ Kg5 52. h4+ Kg4 0-1

[Event "August TNT"]
[Site "Winnipeg CAN"]
[Date "2010.08.24"]
[Round "4.4"]
[White "Boron, Anthony"]
[Black "Kaptsan, Aron"]
[Result "0-1"]
[WhiteElo "2007"]
[BlackElo "2016"]
[PlyCount "86"]
[EventDate "2010.08.03"]
[EventType "swiss"]
[EventRounds "4"]
[EventCountry "CAN"]

1. d4 d5 2. Nf3 e6 3. e3 Nf6 4. Bd3 a6 5. Nbd2 Nc6 6. c3 Bd6 7. O-O O-O 8. Re1
e5 9. dxe5 Nxe5 10. Nxe5 Bxe5 11. Nf3 Bd6 12. h3 Re8 13. Qc2 Ne4 14. c4 c6 15.
Bd2 Qf6 16. Bc3 Nxc3 17. Qxc3 Qxc3 18. bxc3 Be6 19. cxd5 cxd5 20. Nd4 Rac8 21.
Rec1 Ba3 22. Rc2 Bd7 23. Rb1 Ba4 24. Nb3 b5 25. Rd1 g6 26. Be2 Red8 27. Bf3 b4
28. Bxd5 bxc3 29. e4 Kf8 30. Rd3 Bb4 31. Rf3 Rc7 32. g4 a5 33. g5 Bc6 34. Nd4
Bxd5 35. exd5 Kg8 36. d6 Rxd6 37. Nb5 Rd2 38. Nxc7 Rxc2 39. Nd5 Rxa2 40. Nf6+
Kg7 41. Rd3 c2 42. Rd8 c1=Q+ 43. Kg2 Qxg5+ 0-1

[Event "August TNT"]
[Site "Winnipeg CAN"]
[Date "2010.08.24"]
[Round "4.4"]
[White "Czarny, Keith"]
[Black "Milward, David"]
[Result "0-1"]
[WhiteElo "1651"]
[BlackElo "1692"]
[PlyCount "78"]
[EventDate "2010.08.03"]
[EventType "swiss"]
[EventRounds "4"]
[EventCountry "CAN"]

1. Nf3 Nf6 2. g3 g6 3. Bg2 Bg7 4. c4 O-O 5. O-O a6 6. d4 c5 7. dxc5 Qa5 8. Be3
Nc6 9. h3 Ne4 10. Nd4 Nxc5 11. Nc3 Ne5 12. Nb3 Nxb3 13. axb3 Qd8 14. Nd5 d6 15.
Bd4 Rb8 16. f4 Nc6 17. Bxg7 Kxg7 18. e4 Be6 19. Qd2 Bxd5 20. exd5 Qb6+ 21. Kh2
Nd4 22. Qc3 Kg8 23. b4 Rfc8 24. Rad1 Nf5 25. g4 Ne3 26. c5 Nxf1+ 27. Rxf1 dxc5
28. f5 cxb4 29. Qd2 Qd6+ 30. Kh1 Kg7 31. g5 Rc7 32. f6+ Kg8 33. Qf2 Rbc8 34.
Qh4 Rc1 35. Qh6 Rxf1+ 36. Bxf1 exf6 37. gxf6 Qxf6 38. Be2 Qxb2 39. Qe3 Qc1+ 0-1

[Event "August TNT"]
[Site "Winnipeg CAN"]
[Date "2010.08.24"]
[Round "4.4"]
[White "Greenberg, Harley"]
[Black "Rutter, Blair"]
[Result "1/2-1/2"]
[WhiteElo "1722"]
[BlackElo "1942"]
[PlyCount "79"]
[EventDate "2010.08.03"]
[EventType "swiss"]
[EventRounds "4"]
[EventCountry "CAN"]

1. d4 d5 2. c4 c6 3. Nf3 dxc4 4. a4 Nf6 5. Nc3 Nd5 6. e4 Nxc3 7. bxc3 b5 8. Ba3
g6 9. g3 Bg7 10. Bg2 O-O 11. O-O Bg4 12. h3 Bxf3 13. Bxf3 Re8 14. e5 a6 15. Bc5
bxa4 16. Qxa4 Qc8 17. Kh2 Qe6 18. Rad1 Rd8 19. Bb6 Rd5 20. Bg4 f5 21. exf6 Qxf6
22. Qxc4 h5 23. Bc8 Kh7 24. Rde1 Nd7 25. Bxd7 Rxd7 26. Re6 Qf3 27. Rxc6 Rd5 28.
Rc7 Rb8 29. Qxa6 Rd6 30. Qa7 Rdxb6 31. Rxe7 R8b7 32. Qa8 Kh6 33. Re3 Qf7 34.
Kg2 Qc4 35. Qe8 Rb1 36. Ree1 Rxe1 37. Qxe1 Rb3 38. Qe3+ Kh7 39. Rc1 Bxd4 40.
Qxd4 1/2-1/2

[Event "August TNT"]
[Site "Winnipeg CAN"]
[Date "2010.08.24"]
[Round "4.4"]
[White "Klokow, John"]
[Black "Evans, Brian"]
[Result "1-0"]
[WhiteElo "1744"]
[BlackElo "1590"]
[PlyCount "107"]
[EventDate "2010.08.03"]
[EventType "swiss"]
[EventRounds "4"]
[EventCountry "CAN"]

1. e4 c5 2. Ne2 e5 3. g3 Nf6 4. Bg2 d5 5. exd5 Nxd5 6. O-O Be7 7. Nbc3 Be6 8.
d3 O-O 9. f4 exf4 10. Nxf4 Nxf4 11. Bxf4 Nc6 12. Ne4 Qd4+ 13. Kh1 Qxb2 14. Rb1
Qxa2 15. Rxb7 Bd8 16. Nxc5 Bd5 17. Nb3 Bxg2+ 18. Kxg2 Na5 19. Nxa5 Qxa5 20. Qf3
Rc8 21. c4 Bc7 22. Be3 a6 23. c5 Qa2+ 24. Rf2 Qe6 25. d4 Rfd8 26. Qf5 Qc6+ 27.
Qf3 Qxf3+ 28. Rxf3 f6 29. Rf2 Ba5 30. Rc2 Rc6 31. Kf3 Rc7 32. Rxc7 Bxc7 33. Ke4
Re8+ 34. Kd3 Kf7 35. d5 Rd8 36. Kc4 a5 37. d6 Bxd6 38. cxd6 Rxd6 39. Ra2 Ra6
40. Kb5 Ra8 41. Rxa5 Rxa5+ 42. Kxa5 Ke6 43. Kb5 Kd5 44. Kb4 Ke4 45. Bc5 g5 46.
Be7 Ke5 47. Kc3 g4 48. Kd3 f5 49. Ke3 Ke6 50. Bd8 Kf7 51. Kf4 Kg6 52. Bh4 h6
53. Bd8 Kh5 54. Kxf5 1-0

[Event "August TNT"]
[Site "Winnipeg CAN"]
[Date "2010.08.24"]
[Round "4.4"]
[White "Lauritson, Jim"]
[Black "Einarsson, Ken"]
[Result "1-0"]
[WhiteElo "1892"]
[BlackElo "1819"]
[PlyCount "55"]
[EventDate "2010.08.03"]
[EventType "swiss"]
[EventRounds "4"]
[EventCountry "CAN"]

1. d4 d5 2. c4 e6 3. Nc3 Nf6 4. cxd5 exd5 5. Bg5 Be7 6. e3 h6 7. Bh4 Nc6 8. a3
O-O 9. Bd3 Re8 10. Nge2 Ng4 11. Bg3 Bg5 12. O-O a6 13. h3 Nxe3 14. fxe3 Bxe3+
15. Bf2 Qg5 16. Bxe3 Rxe3 17. Nf4 Bxh3 18. Nxh3 Rxh3 19. Rf3 Rxf3 20. Qxf3 Nxd4
21. Qf2 Ne6 22. Rf1 Rf8 23. Bf5 Nd8 24. Nxd5 g6 25. Be4 c6 26. Nf6+ Kg7 27. Nd7
Re8 28. Qxf7+ 1-0

[Event "August TNT"]
[Site "Winnipeg CAN"]
[Date "2010.08.24"]
[Round "4.4"]
[White "Melamedoff, Gustavo"]
[Black "Milord, Frank"]
[Result "1-0"]
[WhiteElo "1994"]
[BlackElo "1662"]
[PlyCount "91"]
[EventDate "2010.08.03"]
[EventType "swiss"]
[EventRounds "4"]
[EventCountry "CAN"]

1. e4 d6 2. d4 Nf6 3. Nc3 g6 4. Nf3 Bg7 5. Be2 c5 6. dxc5 Qa5 7. O-O Qxc5 8.
Be3 Qa5 9. Nd4 a6 10. a4 O-O 11. Nb3 Qc7 12. a5 Nbd7 13. f3 b5 14. axb6 Nxb6
15. Na5 Be6 16. Qe1 Rfc8 17. Qf2 Nfd7 18. Bd4 Bxd4 19. Qxd4 Qc5 20. Rfd1 Nc4
21. Bxc4 Bxc4 22. Nxc4 Qxc4 23. Qxc4 Rxc4 24. Ra4 Rxa4 25. Nxa4 Kf8 26. Kf2 Rb8
27. b3 Ke8 28. Ke3 f6 29. Rd5 Nb6 30. Ra5 Nxa4 31. Rxa4 Rb6 32. b4 Rc6 33. Kd3
Kd7 34. c4 Rb6 35. f4 e5 36. fxe5 fxe5 37. g4 g5 38. h3 Ke6 39. Kc3 Rc6 40. Ra5
h6 41. Ra1 Kf6 42. Ra5 Ke6 43. c5 Kf6 44. Kc4 Ke6 45. Ra2 dxc5 46. bxc5 1-0